Repensando la integración/
محفوظ في:
| المؤلف الرئيسي: | |
|---|---|
| التنسيق: | كتاب |
| اللغة: | Spanish |
| الموضوعات: | |
| الوسوم: |
إضافة وسم
لا توجد وسوم, كن أول من يضع وسما على هذه التسجيلة!
|
MARC
| LEADER | 00000nam a22000007a 4500 | ||
|---|---|---|---|
| 003 | cru CIDCACS/IIS | ||
| 005 | 20201126111714.0 | ||
| 008 | 201126b ||||| |||| 00| 0 spa d | ||
| 999 | |c 43531 |d 43531 | ||
| 040 | |c CRAI/IIS | ||
| 100 | 1 | |9 2665 |a Rosenthal, Gert | |
| 245 | 1 | |a Repensando la integración/ |c Gert Rosenthal | |
| 300 | |a páginas 13-24 | ||
| 650 | 4 | |9 2642 |a INTEGRACION ECONOMICA | |
| 650 | 4 | |9 3740 |a COOPERACION ECONOMICA | |
| 651 | 0 | |9 17 |a AMERICA LATINA | |
| 773 | 0 | |0 43528 |9 5078 |a Agencia Española de Cooperación Iberoamericana |d España: Agencia Española de Cooperación Iberoamericana; CEPAL, 1982- |o MFN: 1478 |t Pensamiento Iberoamericano: | |
| 942 | |2 ddc |c PP | ||
